000 00562nam a2200229Ia 4500
003 OSt
005 20220912144333.0
006 a|||||r|||| 00| 0
007 ta
008 220909b |||||||| |||| 00| 0 eng d
020 _aSL01446935
024 _a194874
037 _cTextual
040 _aCSL
_beng
_cCSL
041 _aeng
082 _aY7:(JF), P5;3
100 _aScoones I
245 0 _aScience agriculture and the politics of policy
700 _aScoones I
942 _hY7:(JF), P5;3
_cTEXL
_2CC
999 _c5330
_d5330